000 00423nam a2200193Ia 4500
005 20240823054037.0
008 240823s9999||||xx |||||||||||||| ||und||
020 _a9788-894746-14
041 _aENGLISH
082 _A843.7
100 _aJainco Publishers
245 0 _aAlexandre Dumas
250 _a1st
260 _bJainco Publi
500 _aYES
650 _aGeneral
_bGeneral
942 _cBK
999 _c225546
_d225546